000 00359nam a2200145Ia 4500
008 150301s2013 xx 000 0 und d
082 _a616.01
_bM13P
100 _aPARIJA, SUBHASH CHANDRA
245 _aTB. OF MICROBIOLOGY & IMMUNOLOGY
250 _a2ND
260 _bELSEVIER
_aINDIA
_c2013
300 _a654
650 _aMICROBIOLOGY
942 _2ddc
_cBK
_057
999 _c6713
_d6713